[Event "FISU World University-ch 2020"]
[Site "Online"]
[Date "2020.10.26"]
[Round "7.26"]
[White "Sharshembiev, Adil"]
[Black "Aluvihare, Shakila"]
[Result "0-1"]
[WhiteElo "1845"]
[BlackElo "1655"]
[Annotator "NA"]
[PlyCount "66"]
[EventDate "2020.10.26"]
[SourceTitle "playchess.com"]
[Source "ChessBase"]
[SourceQuality "1"]

1. d4 Nf6 2. Bf4 e6 3. e3 Be7 4. Bd3 c5 5. c3 Nc6 6. Nf3 b6 7. Nbd2 Bb7 8. Qe2 O-O 9. e4 cxd4 10. cxd4 Nb4 11. O-O Nxd3 12. Qxd3 d5 13. e5 Ne4 14. Rfe1 Rc8 15. Rac1 g5 16. Rxc8 Bxc8 17. Be3 g4 18. Nxe4 dxe4 19. Qxe4 gxf3 20. Bh6 f5 21. Qxf3 Rf7 22. Qg3+ Kh8 23. Qf3 Bf8 24. Qh5 Rd7 25. Bg5 Be7 26. Bh6 Rxd4 27. Qf7 Rg4 28. h3 Rg6 29. Bf4 Bb7 30. f3 Bxf3 31. g3 Qd4+ 32. Be3 Rxg3+ 33. Kf2 Rg2+ 0-1

[Event "FISU World University-ch 2020"]
[Site "Online"]
[Date "2020.10.26"]
[Round "7.26"]
[White "Obeysekara, T A Sajith Chathuran"]
[Black "Isakzhanov, Kelsinbek"]
[Result "1/2-1/2"]
[WhiteElo "1684"]
[BlackElo "2070"]
[Annotator "TA"]
[PlyCount "124"]
[EventDate "2020.10.26"]
[SourceTitle "playchess.com"]
[Source "ChessBase"]
[SourceQuality "1"]

1. d4 d5 2. Nf3 Nf6 3. e3 e6 4. Nbd2 c5 5. c3 Nc6 6. Bd3 Bd6 7. O-O O-O 8. dxc5 Bxc5 9. b4 Bb6 10. Bb2 a6 11. a3 e5 12. e4 Bg4 13. h3 Bh5 14. Qe2 Re8 15. Rad1 d4 16. c4 Bc7 17. Rfe1 Qe7 18. Nf1 Rad8 19. g4 Bg6 20. Ng3 Nd7 21. Kh2 Nf8 22. Nf5 Qd7 23. Rg1 Ne7 24. Bc2 Bxf5 25. gxf5 Nxf5 26. exf5 e4+ 27. Kh1 Qxf5 28. Nh2 Qxh3 29. Rg2 Ng6 30. Qg4 Qxg4 31. Nxg4 f5 32. Rxd4 Rxd4 33. Bxd4 fxg4 34. Rxg4 Bf4 35. f3 exf3 36. Bxg6 Re1+ 37. Rg1 Rxg1+ 38. Kxg1 hxg6 39. Kf2 Bc1 40. a4 Ba3 41. b5 axb5 42. axb5 Kf7 43. Kxf3 Ke6 44. Bxg7 Kf5 45. Bd4 Bd6 46. c5 Be5 47. Be3 g5 48. Bg1 g4+ 49. Ke3 g3 50. Kd3 Kf4 51. Kc4 Ke4 52. b6 Bf4 53. c6 bxc6 54. b7 g2 55. Kc5 Be3+ 56. Bxe3 Kxe3 57. b8=Q g1=Q 58. Qe5+ Kd3+ 59. Kxc6 Qc1+ 60. Qc5 Qh6+ 61. Qd6+ Qxd6+ 62. Kxd6 Kc4 1/2-1/2

[Event "FISU World University-ch 2020"]
[Site "Online"]
[Date "2020.10.26"]
[Round "7.26"]
[White "Jeyanthan, Krishna Rahul"]
[Black "Abylkasymov, Kairatbek"]
[Result "1/2-1/2"]
[WhiteElo "1629"]
[BlackElo "1827"]
[Annotator "NA"]
[PlyCount "98"]
[EventDate "2020.10.26"]
[SourceTitle "playchess.com"]
[Source "ChessBase"]
[SourceQuality "1"]

1. e4 e5 2. Nf3 Nc6 3. Bc4 Bc5 4. c3 Nf6 5. d3 d6 6. Nbd2 Bb6 7. O-O Ne7 8. Qb3 O-O 9. Ng5 Qe8 10. Re1 h6 11. Ngf3 Ng6 12. Nf1 Bg4 13. N3d2 Nf4 14. h3 Be6 15. Nf3 N6h5 16. d4 Qd7 17. Ng3 Nxg3 18. fxg3 Bxc4 19. Qxc4 Ng6 20. Be3 Kh8 21. Rad1 Qe7 22. Qe2 f5 23. exf5 Rxf5 24. dxe5 Nxe5 25. Bxb6 Nxf3+ 26. Qxf3 Qxe1+ 27. Rxe1 Rxf3 28. gxf3 axb6 29. a3 Kg8 30. Re7 Rc8 31. Kf2 Kf8 32. Rd7 b5 33. Ke3 Re8+ 34. Kf4 Re7 35. Rxe7 Kxe7 36. Kf5 Kf7 37. f4 g6+ 38. Ke4 Ke6 39. g4 d5+ 40. Kd4 Kd6 41. b3 c5+ 42. Ke3 Ke6 43. Kd3 Kf6 44. Ke3 h5 45. Kd3 Ke6 46. Ke3 Kf6 47. Kd3 Ke6 48. Ke3 Kf6 49. Kd3 Ke6 1/2-1/2

[Event "FISU World University-ch 2020"]
[Site "Online"]
[Date "2020.10.26"]
[Round "7.26"]
[White "Mairambekova, Aiperi"]
[Black "Kulatunga, Dinithi"]
[Result "0-1"]
[WhiteElo "1561"]
[BlackElo "1402"]
[Annotator "NA"]
[PlyCount "56"]
[EventDate "2020.10.26"]
[SourceTitle "playchess.com"]
[Source "ChessBase"]
[SourceQuality "1"]

1. d4 Nf6 2. c4 e6 3. Nf3 d5 4. g3 b6 5. Bg2 Bb7 6. O-O Be7 7. Nc3 O-O 8. Ne5 c5 9. cxd5 Nxd5 10. e4 Nf6 11. dxc5 Bxc5 12. Qe2 Qc8 13. Rd1 Nbd7 14. Nd3 Be7 15. Bf4 h6 16. Rac1 a6 17. Nd5 Qd8 18. Bc7 Qe8 19. Nxb6 Nxb6 20. Bxb6 Rc8 21. Rxc8 Qxc8 22. Rc1 Qa8 23. f3 Rc8 24. Qd2 Nd7 25. Be3 Qb8 26. b3 Qd6 27. Rxc8+ Bxc8 28. Qc2 Qb8 0-1

[Event "FISU World University-ch 2020"]
[Site "Online"]
[Date "2020.10.26"]
[Round "7.27"]
[White "Toledo Sanz, Imanol"]
[Black "Chen, Yiru"]
[Result "0-1"]
[WhiteElo "2177"]
[BlackElo "1828"]
[Annotator "TA"]
[PlyCount "120"]
[EventDate "2020.10.26"]
[SourceTitle "playchess.com"]
[Source "ChessBase"]
[SourceQuality "1"]

1. e4 c5 2. Nf3 d6 3. Bb5+ Bd7 4. Bxd7+ Qxd7 5. c4 Nf6 6. Nc3 Nc6 7. d4 cxd4 8. Nxd4 g6 9. f3 Bg7 10. Be3 Rc8 11. b3 O-O 12. O-O Ne5 13. Rc1 a6 14. Qd2 h5 15. Rfd1 Rc7 16. a4 Nc6 17. Nd5 Nxd5 18. exd5 Nxd4 19. Bxd4 Qf5 20. Bxg7 Kxg7 21. Qd4+ Kg8 22. a5 Rfc8 23. Re1 Qf6 24. Qxf6 exf6 25. Rc3 f5 26. Rce3 Kg7 27. g3 Kf6 28. Kf2 g5 29. Ra1 Re7 30. Rxe7 Kxe7 31. Ke3 Kd7 32. Kd4 Re8 33. Ra2 Re1 34. b4 Rd1+ 35. Ke3 Rb1 36. Ra4 Rb3+ 37. Kf2 Rb2+ 38. Kg1 Ke7 39. c5 Kd7 40. Ra1 Rxb4 41. Rc1 dxc5 42. Rxc5 Kd6 43. Rc8 Kxd5 44. Rc7 Ke6 45. Kf2 Rb3 46. Ke2 g4 47. f4 Rb5 48. Ke3 Rxa5 49. Rxb7 Ra2 50. Kd4 Rd2+ 51. Kc5 Rc2+ 52. Kd4 Rd2+ 53. Kc5 Rxh2 54. Rb6+ Ke7 55. Rxa6 h4 56. gxh4 Rxh4 57. Kd5 g3 58. Ke5 g2 59. Ra7+ Kf8 60. Kf6 Rh6+ 0-1

[Event "FISU World University-ch 2020"]
[Site "Online"]
[Date "2020.10.26"]
[Round "7.28"]
[White "Wu Yuxuan"]
[Black "Mejia Varela, Fernando Alexis"]
[Result "1/2-1/2"]
[WhiteElo "2152"]
[BlackElo "1614"]
[Annotator "TA"]
[PlyCount "81"]
[EventDate "2020.10.26"]
[SourceTitle "playchess.com"]
[Source "ChessBase"]
[SourceQuality "1"]

1. b3 Nf6 2. Bb2 e6 3. Nf3 b6 4. e3 Bb7 5. d4 d5 6. Bd3 Be7 7. O-O Nbd7 8. Nbd2 c5 9. c4 Rc8 10. Rc1 h6 11. Qe2 O-O 12. Rfd1 Ne4 13. Ne5 Nxe5 14. dxe5 Nxd2 15. Rxd2 dxc4 16. Bh7+ Kxh7 17. Rxd8 Rfxd8 18. bxc4 Rd7 19. Rd1 Rxd1+ 20. Qxd1 Rd8 21. Qc2+ g6 22. f3 Bg5 23. Kf2 Kg7 24. Ke2 h5 25. Bc1 Bc6 26. g3 Rd7 27. f4 Bd8 28. Kf2 Be7 29. h3 Bd8 30. Bb2 Bc7 31. g4 hxg4 32. hxg4 Rd8 33. Kg3 Rh8 34. Qf2 Be4 35. Qe2 Rh1 36. Bc3 Rg1+ 37. Kh2 Rh1+ 38. Kg3 Rg1+ 39. Kh2 Rh1+ 40. Kg3 Rg1+ 41. Kh2 1/2-1/2

[Event "FISU World University-ch 2020"]
[Site "Online"]
[Date "2020.10.26"]
[Round "7.29"]
[White "Meylan, Andre"]
[Black "Bernal Navarrete, Marcelo"]
[Result "1-0"]
[WhiteElo "2205"]
[BlackElo "1851"]
[Annotator "TA"]
[PlyCount "51"]
[EventDate "2020.10.26"]
[SourceTitle "playchess.com"]
[Source "ChessBase"]
[SourceQuality "1"]

1. e4 e5 2. Nf3 Nc6 3. d4 exd4 4. Nxd4 Bc5 5. Be3 Bb6 6. Nc3 d6 7. Qd2 Nf6 8. f3 Ne5 9. O-O-O O-O 10. h3 a5 11. Bg5 h6 12. Be3 d5 13. f4 Nc4 14. Bxc4 dxc4 15. Qe2 Re8 16. Nc6 Bxe3+ 17. Qxe3 bxc6 18. Rxd8 Rxd8 19. Qc5 Bb7 20. Qxc4 c5 21. e5 Nd7 22. Rd1 Bxg2 23. e6 Nb6 24. exf7+ Kh8 25. Rxd8+ Rxd8 26. Qxc5 1-0

[Event "FISU World University-ch 2020"]
[Site "Online"]
[Date "2020.10.26"]
[Round "7.29"]
[White "Stoeri, Laura"]
[Black "Vega Llanos, Francisco Javier"]
[Result "1-0"]
[WhiteElo "2126"]
[BlackElo "1587"]
[Annotator "TA"]
[PlyCount "145"]
[EventDate "2020.10.26"]
[SourceTitle "playchess.com"]
[Source "ChessBase"]
[SourceQuality "1"]

1. e4 e5 2. Nf3 Nc6 3. Bb5 Nf6 4. d3 d6 5. c3 Be7 6. O-O O-O 7. Nbd2 Bd7 8. Re1 h6 9. Nf1 a6 10. Ba4 b5 11. Bc2 Re8 12. Ng3 Bf8 13. h3 Ne7 14. Nh2 Ng6 15. Qf3 c5 16. Be3 a5 17. a4 b4 18. Bb3 Rb8 19. Bc4 Be6 20. Bxe6 Rxe6 21. Nf5 d5 22. h4 bxc3 23. bxc3 d4 24. Bd2 Ne7 25. Nf1 Nxf5 26. exf5 Reb6 27. Rxe5 dxc3 28. Bxc3 Rb3 29. Bd2 Rxd3 30. Qe2 Rb2 31. Rd1 Ra2 32. Re3 Rxe3 33. Bxe3 Rxe2 34. Rxd8 Ne4 35. f3 Nf6 36. Bxc5 Re8 37. Rxe8 Nxe8 38. Bxf8 Kxf8 39. Kf2 h5 40. Ne3 Nd6 41. Ke2 Nb7 42. Nc4 Nc5 43. Nb2 Ke7 44. Ke3 Kf6 45. g4 hxg4 46. fxg4 g6 47. fxg6 fxg6 48. Kd4 Ne6+ 49. Kd5 Nf4+ 50. Ke4 Ng2 51. h5 gxh5 52. gxh5 Ne1 53. Nc4 Nc2 54. Nxa5 Nb4 55. Nc4 Kg5 56. Kd4 Kxh5 57. Kc5 Na6+ 58. Kb5 Nc7+ 59. Kc6 Ne6 60. a5 Nd4+ 61. Kd5 Nb5 62. Kc5 Nc7 63. Kc6 Na6 64. Kb6 Nb4 65. Ne5 Kg5 66. Nc6 Nd5+ 67. Kb7 Nc3 68. a6 Nb5 69. Nd4 Nd6+ 70. Kc7 Ne8+ 71. Kd8 Nd6 72. a7 Nb7+ 73. Kc7 1-0

[Event "FISU World University-ch 2020"]
[Site "Online"]
[Date "2020.10.26"]
[Round "7.29"]
[White "Villa Gonzalez, Nicolas Alexis"]
[Black "Dill, Xaver"]
[Result "0-1"]
[WhiteElo "1724"]
[BlackElo "2138"]
[Annotator "TA"]
[PlyCount "132"]
[EventDate "2020.10.26"]
[SourceTitle "playchess.com"]
[Source "ChessBase"]
[SourceQuality "1"]

1. d4 Nf6 2. c4 e6 3. Nc3 Bb4 4. Qc2 d5 5. e3 O-O 6. Bd3 a6 7. Nge2 Nbd7 8. O-O dxc4 9. Bxc4 b5 10. Bd3 Bb7 11. a3 Bd6 12. Ng3 c5 13. Nce4 Nxe4 14. Nxe4 Bxh2+ 15. Kxh2 Qh4+ 16. Kg1 c4 17. Be2 Bxe4 18. Qd1 f5 19. f3 Bb7 20. Bd2 Nf6 21. b3 Rac8 22. Rc1 Nh5 23. bxc4 Ng3 24. Re1 Qh1+ 25. Kf2 Ne4+ 26. fxe4 fxe4+ 27. Kg3 Qh6 28. Rh1 Qg5+ 29. Kh2 Qh4+ 30. Kg1 Qf2+ 31. Kh2 Rf6 32. Rf1 Rh6+ 33. Bh5 Qh4+ 34. Kg1 Rxh5 35. Rf4 Qh2+ 36. Kf2 Rg5 37. Qh1 Qg3+ 38. Kg1 bxc4 39. Qh2 Qxh2+ 40. Kxh2 Rf5 41. Kg3 g5 42. Rff1 Bd5 43. Bb4 h5 44. Rh1 h4+ 45. Kg4 Rc7 46. g3 hxg3 47. Bd6 Rcf7 48. Rb1 g2 49. Rb8+ Kg7 50. Rg1 Rf2 51. Be5+ Kh6 52. Rh8+ Rh7 53. Rc8 Kg6 54. Rg8+ Kf7 55. Rc8 Rh1 56. Rc7+ Ke8 57. Kg3 Rxg1 58. Kxf2 Re1 59. Kxg2 Rxe3 60. Bd6 Rd3 61. Bb4 e3+ 62. Kf1 Bf3 63. Re7+ Kd8 64. Rxe6 Rd1+ 65. Be1 c3 66. Rxe3 c2 0-1

[Event "FISU World University-ch 2020"]
[Site "Online"]
[Date "2020.10.26"]
[Round "7.30"]
[White "Acosta, Pablo Ismael"]
[Black "Alrehaili, Ahmed Abdullah S"]
[Result "0-1"]
[WhiteElo "2465"]
[BlackElo "1980"]
[Annotator "RC"]
[PlyCount "72"]
[EventDate "2020.10.26"]
[SourceTitle "playchess.com"]
[Source "ChessBase"]
[SourceQuality "1"]

1. d4 Nf6 2. c4 e6 3. Nc3 Bb4 4. Qc2 O-O 5. Nf3 c5 6. a3 Bxc3+ 7. bxc3 b6 8. Bg5 Bb7 9. e3 d6 10. Bd3 h6 11. Bh4 Nbd7 12. e4 e5 13. O-O Re8 14. d5 Nf8 15. Bg3 Ng6 16. Nh4 Nh5 17. Nf5 Nhf4 18. a4 h5 19. h4 Bc8 20. a5 Rb8 21. axb6 axb6 22. Ra7 Bxf5 23. exf5 Nxh4 24. Be4 Qg5 25. Rb1 Nhxg2 26. Bxg2 Nxg2 27. Kxg2 h4 28. Qe4 hxg3 29. fxg3 Ra8 30. Rba1 Rxa7 31. Rxa7 Rb8 32. Rd7 Ra8 33. Qc2 Ra1 34. Rxd6 Qh5 35. Rd8+ Kh7 36. f6+ g6 0-1

[Event "FISU World University-ch 2020"]
[Site "Online"]
[Date "2020.10.26"]
[Round "7.30"]
[White "Khayat, Emad"]
[Black "Pineiro, Dario"]
[Result "0-1"]
[WhiteElo "1525"]
[BlackElo "2190"]
[Annotator "TA"]
[PlyCount "58"]
[EventDate "2020.10.26"]
[SourceTitle "playchess.com"]
[Source "ChessBase"]
[SourceQuality "1"]

1. d4 f5 2. c4 d6 3. g3 Nf6 4. Bg2 g6 5. Nf3 Bg7 6. O-O O-O 7. Nc3 Qe8 8. Qc2 e5 9. dxe5 dxe5 10. e4 Nc6 11. Be3 h6 12. Bc5 Rf7 13. Nh4 Nd4 14. Bxd4 exd4 15. Rfe1 dxc3 16. exf5 Re7 17. Rxe7 Qxe7 18. Nxg6 Qc5 19. Rd1 Bd7 20. b4 Qxb4 21. Rb1 Qxc4 22. Bxb7 Ba4 23. Ne7+ Kf7 24. Qc1 Rd8 25. Qe3 c2 26. Bd5+ Qxd5 27. Nxd5 cxb1=Q+ 28. Kg2 Re8 29. Qd4 Bc6 0-1

[Event "FISU World University-ch 2020"]
[Site "Online"]
[Date "2020.10.26"]
[Round "7.30"]
[White "Ramirez, Melanie"]
[Black "Abdulla, Abdulrahman Mohammed"]
[Result "1-0"]
[WhiteElo "1522"]
[BlackElo "2178"]
[Annotator "TA"]
[PlyCount "79"]
[EventDate "2020.10.26"]
[SourceTitle "playchess.com"]
[Source "ChessBase"]
[SourceQuality "1"]

1. d4 d5 2. Bf4 Nf6 3. Nf3 e6 4. e3 Bd6 5. Bg3 O-O 6. Bd3 Nbd7 7. Nbd2 Re8 8. O-O Bxg3 9. fxg3 e5 10. Be2 e4 11. Ne1 a5 12. c4 c6 13. Nc2 Nf8 14. Nb1 Be6 15. cxd5 Bxd5 16. Nc3 Ne6 17. Nxd5 Nxd5 18. Bg4 Qg5 19. Qe2 g6 20. Bxe6 Rxe6 21. Rae1 Ra6 22. Qf2 Re7 23. Qd2 Nf6 24. Na3 Ng4 25. h3 Nf6 26. Qf2 Nd5 27. Nc4 Nb4 28. Ne5 f5 29. g4 Rxe5 30. dxe5 Nd3 31. Qc2 Nxe5 32. Qb3+ Kf8 33. Qe6 Nd3 34. gxf5 gxf5 35. Rxf5+ Qxf5 36. Qxf5+ Ke7 37. Rd1 c5 38. Qxe4+ Kd7 39. Qxd3+ Kc7 40. Qxh7+ 1-0

[Event "FISU World University-ch 2020"]
[Site "Online"]
[Date "2020.10.26"]
[Round "7.31"]
[White "Ling, Jin Sheng Timothy"]
[Black "A_____, E____________"]
[Result "1-0"]
[WhiteElo "1640"]
[BlackElo "1767"]
[Annotator "NA"]
[PlyCount "117"]
[EventDate "2020.10.26"]
[SourceTitle "playchess.com"]
[Source "ChessBase"]
[SourceQuality "1"]

1. Nf3 e6 2. c4 d5 3. g3 Nf6 4. Bg2 c6 5. Qc2 Be7 6. O-O Nbd7 7. b3 dxc4 8. bxc4 Rb8 9. d3 b5 10. Bf4 Rb6 11. cxb5 Bb7 12. bxc6 Rxc6 13. Qa4 Ra6 14. Qb5 Rb6 15. Qa5 Nd5 16. Bd2 Ra6 17. Qxd8+ Bxd8 18. Nc3 Nxc3 19. Bxc3 O-O 20. Nd2 Bxg2 21. Kxg2 Bf6 22. Bxf6 Nxf6 23. Nc4 Nd5 24. Rfc1 Rc6 25. Kf3 Rfc8 26. Rcb1 h6 27. Rb7 R6c7 28. Rab1 Rxb7 29. Rxb7 Rc7 30. Rxc7 Nxc7 31. a4 Kf8 32. Ke4 Ke7 33. Kd4 f6 34. Kc5 Kd7 35. e4 h5 36. f4 Na8 37. d4 Nc7 38. h3 Ne8 39. e5 f5 40. d5 exd5 41. Ne3 g6 42. Nxd5 Ng7 43. h4 Ne6+ 44. Kc4 a6 45. a5 Nd8 46. Kc5 Nb7+ 47. Kb6 Ke6 48. Nc7+ Kd7 49. Kxb7 Kd8 50. Nxa6 Kd7 51. Nb4 Kd8 52. a6 g5 53. a7 g4 54. a8=Q+ Ke7 55. Kc7 Kf7 56. Kd7 Kg6 57. Ke7 Kh7 58. Kf7 Kh6 59. Qh8# 1-0

[Event "FISU World University-ch 2020"]
[Site "Online"]
[Date "2020.10.26"]
[Round "7.32"]
[White "Cilento, Lucas Geraldo"]
[Black "Sanchez Sandoval, Gonzalo"]
[Result "0-1"]
[WhiteElo "1952"]
[BlackElo "2358"]
[Annotator "TA"]
[PlyCount "22"]
[EventDate "2020.10.26"]
[SourceTitle "playchess.com"]
[Source "ChessBase"]
[SourceQuality "1"]

1. e4 c5 2. Nf3 d6 3. d4 cxd4 4. Nxd4 Nf6 5. Nc3 Nc6 6. Bc4 Bd7 7. Bb3 g6 8. O-O Bg7 9. Re1 O-O 10. Bg5 Qa5 11. Qd2 Nxd4 0-1

[Event "FISU World University-ch 2020"]
[Site "Online"]
[Date "2020.10.26"]
[Round "7.32"]
[White "Pinochet Gonzalez, Luis Enrique"]
[Black "Frankental, David"]
[Result "1/2-1/2"]
[WhiteElo "1753"]
[BlackElo "1938"]
[Annotator "NA"]
[PlyCount "95"]
[EventDate "2020.10.26"]
[SourceTitle "playchess.com"]
[Source "ChessBase"]
[SourceQuality "1"]

1. e3 d5 2. f4 c5 3. Nf3 Nc6 4. d4 cxd4 5. exd4 Bg4 6. c3 Nf6 7. Bd3 e6 8. O-O Bd6 9. Qb3 Qb6 10. Ne5 Qxb3 11. axb3 Bf5 12. Bb5 Bxe5 13. fxe5 Ne4 14. Nd2 Nxd2 15. Bxd2 Ke7 16. Bg5+ Kd7 17. g4 Bg6 18. c4 Rhf8 19. cxd5 exd5 20. Ra3 Kc7 21. Rc1 Kb6 22. Bxc6 bxc6 23. Be7 Rfe8 24. Bc5+ Kb7 25. Rca1 a6 26. Ra4 Bd3 27. R4a3 Bb5 28. b4 f6 29. Re3 Re6 30. Bd6 fxe5 31. Bxe5 Rae8 32. Rf3 R6e7 33. Kf2 Kc8 34. Kg3 Kd7 35. h4 g6 36. Rf4 Kc8 37. Ra3 Kd7 38. Raf3 Be2 39. Rf2 Bb5 40. Rf7 Rxf7 41. Rxf7+ Re7 42. Rf8 Re8 43. Rf7+ Re7 44. Rf6 Re6 45. Kf4 Rxf6+ 46. Bxf6 Ke6 47. Kg5 Be2 48. Be5 1/2-1/2

[Event "FISU World University-ch 2020"]
[Site "Online"]
[Date "2020.10.26"]
[Round "7.33"]
[White "Ono, David"]
[Black "Alharari, Mohammed Alsouri"]
[Result "1-0"]
[WhiteElo "2096"]
[BlackElo "2018"]
[Annotator "TA"]
[PlyCount "85"]
[EventDate "2020.10.26"]
[SourceTitle "playchess.com"]
[Source "ChessBase"]
[SourceQuality "1"]

1. Nf3 Nf6 2. b3 e6 3. Bb2 d5 4. e3 Be7 5. Be2 O-O 6. c4 c6 7. Qc2 Nbd7 8. g4 Ne4 9. h4 Bf6 10. d4 Qa5+ 11. Nbd2 b5 12. a3 bxc4 13. bxc4 Rb8 14. Kf1 Nxd2+ 15. Nxd2 Ba6 16. Bc3 Qc7 17. Bd3 g6 18. f4 dxc4 19. Be4 c5 20. d5 exd5 21. Bxd5 Bxc3 22. Qxc3 Rb3 23. Nxb3 cxb3+ 24. Kf2 Nb6 25. Bxb3 c4 26. Bc2 Bb7 27. Rh3 Qc6 28. e4 Qd7 29. Rg3 Re8 30. Rd1 Qe7 31. h5 Bxe4 32. h6 f6 33. Re3 f5 34. Bxe4 fxe4 35. Kg3 g5 36. fxg5 Qxg5 37. Rd6 Nd5 38. Rxd5 Qxh6 39. Rd7 Re6 40. Qd4 Qf8 41. Rxe4 Qb8+ 42. Kg2 Rxe4 43. Qg7# 1-0

[Event "FISU World University-ch 2020"]
[Site "Online"]
[Date "2020.10.26"]
[Round "7.33"]
[White "Anaya Lopez, Gonzalo Javier"]
[Black "Abdulgader, Amira"]
[Result "1-0"]
[WhiteElo "1984"]
[BlackElo "1484"]
[Annotator "NA"]
[PlyCount "53"]
[EventDate "2020.10.26"]
[SourceTitle "playchess.com"]
[Source "ChessBase"]
[SourceQuality "1"]

1. d4 d5 2. c4 Nf6 3. cxd5 Nxd5 4. Nf3 Nc6 5. Nc3 Bf5 6. Qb3 Nxc3 7. bxc3 b6 8. Nd2 Na5 9. Qd1 e6 10. e4 Bg6 11. Bd3 Be7 12. f4 h6 13. O-O O-O 14. f5 exf5 15. exf5 Bh7 16. Qg4 Bg5 17. Ne4 Bxc1 18. Raxc1 Kh8 19. f6 g6 20. Qh3 h5 21. Ng5 Qc8 22. Bf5 Qb7 23. Nxh7 Kxh7 24. Qxh5+ Kg8 25. Bxg6 fxg6 26. Qxg6+ Kh8 27. Qg7# 1-0

[Event "FISU World University-ch 2020"]
[Site "Online"]
[Date "2020.10.26"]
[Round "7.33"]
[White "Engaitah, Abdalsalam A."]
[Black "Flores, Fernando"]
[Result "1-0"]
[WhiteElo "1944"]
[BlackElo "1943"]
[Annotator "NA"]
[PlyCount "61"]
[EventDate "2020.10.26"]
[SourceTitle "playchess.com"]
[Source "ChessBase"]
[SourceQuality "1"]

1. d4 e6 2. e4 d5 3. e5 c5 4. c3 Nc6 5. Nf3 f6 6. Bd3 Qb6 7. O-O Bd7 8. a4 cxd4 9. cxd4 Be7 10. Nc3 fxe5 11. dxe5 O-O-O 12. Nb5 a6 13. Be3 Qa5 14. Qb3 Qb4 15. Qc2 Kb8 16. Nbd4 Nxd4 17. Bxd4 Rc8 18. Bc3 Qg4 19. h3 Qf4 20. Qb3 Ka8 21. Bd2 Qf7 22. Rfc1 Nh6 23. Be3 Nf5 24. Bxf5 exf5 25. Qb6 Bc5 26. Rxc5 Bc6 27. Rac1 Rhd8 28. Ra5 d4 29. Nxd4 f4 30. Nxc6 bxc6 31. Rxa6+ 1-0

[Event "FISU World University-ch 2020"]
[Site "Online"]
[Date "2020.10.26"]
[Round "7.34"]
[White "Porras Chavarria, Steve"]
[Black "Jayaweera, K P C D B"]
[Result "1/2-1/2"]
[WhiteElo "1825"]
[BlackElo "1576"]
[Annotator "NA"]
[PlyCount "156"]
[EventDate "2020.10.26"]
[SourceTitle "playchess.com"]
[Source "ChessBase"]
[SourceQuality "1"]

1. e4 c5 2. Nf3 d6 3. Bb5+ Bd7 4. Bxd7+ Qxd7 5. c4 Nc6 6. Nc3 Nf6 7. d4 cxd4 8. Nxd4 g6 9. Be3 Ng4 10. Bg5 Bg7 11. Nce2 O-O 12. Rc1 Rac8 13. b3 Nge5 14. O-O Qg4 15. f4 h6 16. h3 Qd7 17. Bh4 Nxd4 18. Nxd4 Nc6 19. Bf2 a5 20. a4 Nxd4 21. Bxd4 Bxd4+ 22. Qxd4 Qc6 23. Kh1 Qc5 24. Qd2 Kg7 25. Rcd1 f6 26. Qe2 Qb4 27. Qf3 Rc5 28. Rd3 g5 29. f5 Re5 30. Rfd1 Rc8 31. Re3 Qb6 32. Rde1 Qc6 33. Rd1 Qb6 34. Rd5 Rc5 35. h4 Rcxd5 36. cxd5 Qd4 37. hxg5 hxg5 38. Qe2 b6 39. Kh2 Kf8 40. g4 Kg7 41. Kg3 Qa1 42. Qe1 Qb2 43. Qh1 Qd4 44. Kf3 Qd2 45. Qg2 Qd1+ 46. Kg3 Qd4 47. Qe2 Qa1 48. Kg2 Qd4 49. Qe1 Qb2+ 50. Kg3 Qd4 51. Kf3 Qb2 52. Qe2 Qa1 53. Qc2 Qh1+ 54. Qg2 Qd1+ 55. Kg3 Qd4 56. Qe2 Qa1 57. Kf3 Qh1+ 58. Kf2 Qh2+ 59. Ke1 Qg1+ 60. Kd2 Qa1 61. Qd3 Qb2+ 62. Qc2 Qd4+ 63. Ke2 Kf7 64. Qb1 Kg7 65. Kf3 Qd2 66. Qh1 Qd4 67. Qe1 Qb2 68. Qd1 Qh2 69. Qe2 Qh1+ 70. Kf2 Qh2+ 71. Ke1 Qg1+ 72. Kd2 Qa1 73. Rc3 Qb2+ 74. Kd3 Qb1+ 75. Qc2 Qf1+ 76. Kd4 Qg1+ 77. Kc4 Qc5+ 78. Kd3 Qg1 1/2-1/2

[Event "FISU World University-ch 2020"]
[Site "Online"]
[Date "2020.10.26"]
[Round "7.34"]
[White "Herath, H M A Y"]
[Black "Chaves Williams, Jose Andres"]
[Result "0-1"]
[WhiteElo "1555"]
[BlackElo "1540"]
[Annotator "NA"]
[PlyCount "124"]
[EventDate "2020.10.26"]
[SourceTitle "playchess.com"]
[Source "ChessBase"]
[SourceQuality "1"]

1. e4 c5 2. c3 d5 3. exd5 Qxd5 4. d4 cxd4 5. cxd4 Nf6 6. Nc3 Qd8 7. Nf3 Bg4 8. Be2 e6 9. O-O Bb4 10. Bg5 O-O 11. Rc1 Be7 12. Qd2 Nc6 13. Rfd1 a6 14. h3 Bh5 15. Ne5 Bxe2 16. Nxc6 bxc6 17. Qxe2 Nd5 18. Bxe7 Nxe7 19. Ne4 Qb6 20. Nc5 Rad8 21. Nxa6 Nf5 22. Nc5 Nxd4 23. Qe3 Qxb2 24. Re1 Qxa2 25. Qe4 Qd5 26. Qh4 Rb8 27. Nd3 Rfd8 28. Qf4 f6 29. Kh1 e5 30. Qe3 Nf5 31. Qc5 Qxd3 32. Qxc6 Nd4 33. Qc4+ Qxc4 34. Rxc4 Rb2 35. Kg1 Rdb8 36. Rc7 Rc2 37. Rxc2 Nxc2 38. Rc1 Nd4 39. Rd1 Rb2 40. h4 Kf7 41. Ra1 Kg6 42. Ra7 h5 43. Rd7 Rb1+ 44. Kh2 Rf1 45. f3 Nxf3+ 46. gxf3 Rxf3 47. Kg2 Rf4 48. Kg3 Rg4+ 49. Kh3 Kf5 50. Ra7 g6 51. Ra6 e4 52. Ra5+ Kf4 53. Ra6 f5 54. Ra3 e3 55. Ra2 Kf3 56. Ra3 f4 57. Rb3 Kf2 58. Rb2+ e2 59. Ra2 Rg3+ 60. Kh2 Re3 61. Rb2 Kf3 62. Rxe2 Rxe2+ 0-1

[Event "FISU World University-ch 2020"]
[Site "Online"]
[Date "2020.10.26"]
[Round "7.34"]
[White "Gunarathna, Dilshan Akila"]
[Black "Arguedas Bolanos, Sharline"]
[Result "1/2-1/2"]
[WhiteElo "1451"]
[BlackElo "1319"]
[Annotator "NA"]
[PlyCount "105"]
[EventDate "2020.10.26"]
[SourceTitle "playchess.com"]
[Source "ChessBase"]
[SourceQuality "1"]

1. e4 c5 2. Nf3 e6 3. a3 Nc6 4. Nc3 Nf6 5. Bb5 Nd4 6. d3 a6 7. Bc4 b5 8. Ba2 d6 9. Be3 Qb6 10. h3 Be7 11. O-O O-O 12. Bxd4 cxd4 13. Ne2 e5 14. Ng3 Bd7 15. Qd2 h6 16. b4 Rac8 17. Bb3 Rc3 18. Ne2 Rc7 19. c3 dxc3 20. Nxc3 Rfc8 21. Rac1 Bc6 22. Rfe1 Nh7 23. Bd5 Ng5 24. Bxc6 Nxf3+ 25. gxf3 Rxc6 26. Nd5 Qb7 27. Rxc6 Rxc6 28. Nxe7+ Qxe7 29. Rc1 Qc7 30. Rxc6 Qxc6 31. f4 f6 32. fxe5 dxe5 33. Kg2 Kf8 34. f3 Qd7 35. Qc3 Ke8 36. Kg3 Kd8 37. Qc5 Qd4 38. Qf8+ Kd7 39. Qxg7+ Ke6 40. Qg8+ Ke7 41. Qh7+ Ke6 42. Qf5+ Ke7 43. Qh7+ Ke6 44. Qg8+ Ke7 45. Qh7+ Ke6 46. Qf5+ Ke7 47. Qh7+ Ke6 48. Qg8+ Ke7 49. Qg7+ Ke6 50. Qg4+ Ke7 51. Qg7+ Ke6 52. Qg8+ Ke7 53. Qh7+ 1/2-1/2

[Event "FISU World University-ch 2020"]
[Site "Online"]
[Date "2020.10.26"]
[Round "7.34"]
[White "Campos Astorga, Priscila"]
[Black "De Silva, Shelani"]
[Result "1-0"]
[WhiteElo "1381"]
[BlackElo "1511"]
[Annotator "NA"]
[PlyCount "77"]
[EventDate "2020.10.26"]
[SourceTitle "playchess.com"]
[Source "ChessBase"]
[SourceQuality "1"]

1. e4 c5 2. Nc3 Nc6 3. f4 g6 4. Nf3 Bg7 5. g3 e6 6. Bg2 Nge7 7. d3 O-O 8. O-O d5 9. exd5 Nxd5 10. Ne4 Qb6 11. Kh1 Nd4 12. Ne5 f6 13. Nc4 Qc7 14. c3 Nf5 15. Qf3 b5 16. Ne3 Rb8 17. Nxf5 exf5 18. Nxc5 Qxc5 19. Qxd5+ Qxd5 20. Bxd5+ Kh8 21. Bd2 Rd8 22. c4 bxc4 23. dxc4 Rxb2 24. Bc3 Re2 25. Rfe1 Rde8 26. Rxe2 Rxe2 27. Re1 Rxe1+ 28. Bxe1 Bf8 29. Bf2 a6 30. Bd4 Be7 31. Kg2 Kg7 32. Kf3 g5 33. fxg5 Kg6 34. gxf6 Bxf6 35. Be3 Be7 36. h4 Bd6 37. c5 Bc7 38. h5+ Kxh5 39. Bf7# 1-0